000 00346nam a2200121Ia 4500
008 231129s9999||||xx |||||||||||||| ||spa||
020 _a958-33-4417-6
082 _aER- 464
100 _aColegio Calasanz Pereira
245 0 _aLa ciudad y sus voces
264 _aPereira: Publiprint 2003
942 _2ddc
_cBKS
999 _c16649
_d16649